Влияние интенсивной пластической деформации и высокотемпературных отжигов на структуру и механические свойства стали 10Г2ФТ в феррито-перлитном и мартенситном состояниях; Современные техника и технологии; Т. 2

Dades bibliogràfiques
Parent link:Современные техника и технологии: сборник трудов XV Международной научно-практической конференции студентов, аспирантов и молодых ученых, Томск, 4-8 мая 2009 г/ Национальный исследовательский Томский политехнический университет (ТПУ).— , 2009
Т. 2.— 2009.— [С. 43-45]
Autor principal: Захарова Г. Г.
Altres autors: Астафурова Е. Г. (научный руководитель)
Sumari:Заглавие с титульного листа
Электронная версия печатной публикации
Idioma:rus
Publicat: 2009
Matèries:
Accés en línia:http://www.lib.tpu.ru/fulltext/c/2009/C01/V2/020.pdf
Format: MixedMaterials Electrònic Capítol de llibre
KOHA link:https://koha.lib.tpu.ru/cgi-bin/koha/opac-detail.pl?biblionumber=245126

MARC

LEADER 00000naa2a2200000 4500
001 245126
005 20260112144546.0
035 |a (RuTPU)RU\TPU\book\266531 
035 |a RU\TPU\book\266530 
090 |a 245126 
100 |a 20131105d2009 k y0rusy50 ca 
101 0 |a rus 
102 |a RU 
135 |a drnn ---uucaa 
181 0 |a i  
182 0 |a b 
200 1 |a Влияние интенсивной пластической деформации и высокотемпературных отжигов на структуру и механические свойства стали 10Г2ФТ в феррито-перлитном и мартенситном состояниях  |f Г. Г. Захарова  |g науч. рук. Е. Г. Астафурова 
203 |a Текст  |c электронный 
215 |a 1 файл (6.3 Кб) 
300 |a Заглавие с титульного листа 
300 |a Электронная версия печатной публикации 
337 |a Adobe Reader 
461 0 |0 (RuTPU)RU\TPU\book\261117  |t Современные техника и технологии  |o сборник трудов XV Международной научно-практической конференции студентов, аспирантов и молодых ученых, Томск, 4-8 мая 2009 г  |o в 3 т.  |f Национальный исследовательский Томский политехнический университет (ТПУ)  |d 2009 
463 0 |0 (RuTPU)RU\TPU\book\266450  |t Т. 2  |v [С. 43-45]  |d 2009 
610 1 |a электронный ресурс 
610 1 |a пластическая деформация 
610 1 |a интенсивные процессы 
610 1 |a высокотемпературный режим 
610 1 |a отжиг 
610 1 |a сталь 
610 1 |a структура 
610 1 |a механические свойства 
610 1 |a мартенситные стали 
610 1 |a ферритные стали 
610 1 |a перлитные стали 
610 1 |a термическая стабильность 
700 1 |a Захарова  |b Г. Г. 
702 1 |a Астафурова  |b Е. Г.  |4 727 
801 1 |a RU  |b 63413507  |c 20130617 
801 2 |a RU  |b 63413507  |c 20131105  |g RCR 
856 4 |u http://www.lib.tpu.ru/fulltext/c/2009/C01/V2/020.pdf 
942 |c CF